Estatísticas para Participantes do Big Brother Brasil 20

Clique aqui para jogar o quiz

Estatísticas Gerais

  • Esse quiz foi jogado 276 vezes
  • A pontuação média é 17 de 20

Estatísticas das Respostas

Participante% Correto
Manu Gavassi
99%
Babu Santana
97%
Felipe Prior
97%
Rafa Kalimann
96%
Thelma Assis
93%
Pyong Lee
88%
Daniel Lenhardt
87%
Marcela McGowan
86%
Bianca Andrade
85%
Lucas Gallina
83%
Flayslane Raiane
82%
Ivy Moraes
82%
Mari Gonzalez
82%
Gabi Martins
80%
Guilherme Napolitano
77%
Hadson Nery
76%
Petrix Barbosa
72%
Gizelly Bicalho
69%
Victor Hugo Teixeira
69%
Lucas Chumbo
66%

Distribuição das Pontuações

Percentil de Números Respondidos

Porcentagem de Pessoas com Cada Pontuação

Sua Pontuação Histórica

Você não jogou esse quiz